Southville International School and Colleges
Your cart is empty.
  • Cart
  • Lists
    Public lists Eva Luna New books Lux_list list_1
    Your lists Log in to create your own lists
  • Log in to your account
  • Your cookies
  • Search history
Southville International School and Colleges
  • Advanced search
  • Recent comments
  • Most popular
  • Libraries

Log in to your account

Log in with GOOGLE


If you do not have an external account, but do have a local account, you can still log in:

  1. Home
  2. MARC view: First division band method /
Normal view MARC view ISBD view

First division band method / (Record no. 10144)

[ view plain ]
MARC details
000 -LEADER
fixed length control field 00473nam a22001697a 4500
003 - CONTROL NUMBER IDENTIFIER
control field SISC
005 - DATE AND TIME OF LATEST TRANSACTION
control field 20160317150917.0
008 - FIXED-LENGTH DATA ELEMENTS--GENERAL INFORMATION
fixed length control field 130902t xxu||||| |||| 00| 0 eng d
050 ## - LIBRARY OF CONGRESS CALL NUMBER
Classification number MT 733
Item number .W373 1963
082 ## - DEWEY DECIMAL CLASSIFICATION NUMBER
Classification number HS 784.193
Item number W38 1963
100 ## - MAIN ENTRY--PERSONAL NAME
Personal name Fred Weber
9 (RLIN) 16089
245 ## - TITLE STATEMENT
Title First division band method /
Statement of responsibility, etc Fred Weber
260 ## - PUBLICATION, DISTRIBUTION, ETC. (IMPRINT)
Place of publication, distribution, etc New York :
Name of publisher, distributor, etc First Division Publishing Corporation,
Date of publication, distribution, etc c1963.
300 ## - PHYSICAL DESCRIPTION
Extent 28 p.
Other physical details ill. ;
942 ## - ADDED ENTRY ELEMENTS (KOHA)
Source of classification or shelving scheme Library of Congress Classification
Koha item type Books
Holdings
Withdrawn status Lost status Source of classification or shelving scheme Damaged status Home library Current library Shelving location Date acquired Total Checkouts Full call number Barcode Date last seen Copy number Price effective from Koha item type
    Library of Congress Classification   Luxembourg Library Luxembourg Library High School Section 09/02/2013   MT 733 .W373 1963 11209 03/17/2016 1 09/02/2013 Books

First division band method /

APA

Fred Weber, . (1963). First division band method. New York: First Division Publishing Corporation.

Chicago

Fred Weber, . 1963. First division band method. New York: First Division Publishing Corporation.

Harvard

Fred Weber, . (1963). First division band method. New York: First Division Publishing Corporation.

MLA

Fred Weber, . First division band method. New York: First Division Publishing Corporation. 1963.

  • Place hold
  • Print
  • Cite
  • Add to your cart (remove)
  • Save record
    BIBTEX Dublin Core MARCXML MARC (non-Unicode/MARC-8) MARC (Unicode/UTF-8) MARC (Unicode/UTF-8, Standard) MODS (XML) RIS
  • More searches
    Search for this title in:
    Other Libraries (WorldCat) Other Databases (Google Scholar) Online Stores (Bookfinder.com) Open Library (openlibrary.org)

Exporting to Dublin Core...

SOUTHVILLE LIBRARY

Southville International School and Colleges Library

1281 Tropical Ave. Cor. Luxembourg St., BF Homes International, Las Pinas City

Tel. No. 8256374 / 252358 Loc. 117/146

Powered by Koha